[Event "Bhilwara"]
[Site "New Delhi"]
[Date "1986.??.??"]
[Round "?"]
[White "Tukmakov, Vladimir B"]
[Black "Tilak, Sharad S"]
[Result "1-0"]
[WhiteElo "2570"]
[BlackElo "2260"]

1.d4 Nf6 2.c4 g6 3.Nf3 Bg7 4.g3 O-O 5.Bg2 d6 6.O-O Nc6 7.Nc3 a6 8.Bd2 e5
9.d5 Ne7 10.e4 Ne8 11.b4 f5 12.c5 Nf6 13.exf5 gxf5 14.Qb3 e4 15.Nd4 Ng4 16.cxd6 cxd6
17.Nce2 Ng6 18.Rad1 Qe7 19.Ne6 Bxe6 20.dxe6 Rfe8 21.f3 exf3 22.Bxf3 Kh8 23.Bd5 Rf8
24.Nf4 Nxf4 25.Bxf4 Be5 26.Qd3 Qc7 27.Qe2 Rae8 28.Kh1 Bxf4 29.Rxf4 Qc3 30.Re1 Qe5
31.Qd2 Qg7 32.Bb3 Qe7 33.Ref1 Rf6 34.Rxf5 Ref8 35.Qd4 Ne5 36.Rxf6 Rxf6 37.Rf4 Qg7
38.Qxd6 Rxf4 39.gxf4 Ng6 40.Qd8+ Nf8  1-0

[Event "Novosibirsk tt"]
[Site "Novosibirsk"]
[Date "1986.??.??"]
[Round "?"]
[White "Tukmakov, Vladimir B"]
[Black "Yurtaev, Leonid"]
[Result "1-0"]
[WhiteElo "2570"]
[BlackElo "2435"]

1.d4 Nf6 2.Nf3 g6 3.c4 Bg7 4.g3 O-O 5.Bg2 d6 6.O-O Nbd7 7.Nc3 e5 8.e4 exd4
9.Nxd4 Nc5 10.h3 Re8 11.Re1 h6 12.Rb1 Ne6 13.Nde2 Ng5 14.Nf4 Bd7 15.Kh2 Qc8
16.f3 Ne6 17.Nd3 Nd4 18.Be3 c5 19.Nf4 g5 20.Nfe2 Nxf3+ 21.Bxf3 Bxh3 22.Nb5 Bg4
23.Nec3 Bxf3 24.Qxf3 Ng4+ 25.Kg2 Ne5 26.Qe2 Qd8 27.Rbd1 Re6 28.Bxc5 g4 29.Bxd6 Nf3
30.Bf4 Nxe1+ 31.Qxe1 Qa5 32.Nc7 Rf8 33.Nxe6 fxe6 34.Qd2 h5  1-0

[Event "Paris"]
[Site "Paris"]
[Date "1986.??.??"]
[Round "?"]
[White "Flear, Glenn C"]
[Black "Fedorowicz, John P"]
[Result "1/2-1/2"]
[WhiteElo "2505"]
[BlackElo "2525"]

1.d4 Nf6 2.c4 g6 3.Nf3 Bg7 4.g3 O-O 5.Bg2 d6 6.O-O Nbd7 7.Nc3 e5 8.Qc2 Re8
9.Rd1 c6 10.dxe5 dxe5 11.Ng5  1/2-1/2

[Event "POL-chT"]
[Site "Porabka"]
[Date "1986.??.??"]
[Round "?"]
[White "Bugajski, Robert"]
[Black "Adamski, Andrzej"]
[Result "1-0"]
[WhiteElo "2270"]
[BlackElo "2370"]

1.c4 d6 2.g3 g6 3.Bg2 Bg7 4.Nf3 Nf6 5.d4 O-O 6.O-O c6 7.Nc3 Qa5 8.h3 Be6
9.d5 cxd5 10.Nd4 Bd7 11.cxd5 Rc8 12.Be3 Be8 13.Rc1 Na6 14.Nb3 Qd8 15.Qd2 Nd7
16.Bd4 Bxd4 17.Nxd4 Ne5 18.b3 Qa5 19.f4 Nd7 20.e4 Rc5 21.Qe3 Rac8 22.Nde2 Nb4
23.Qd2 R5c7 24.a3 Na6 25.b4 Qb6+ 26.Kh2 Nab8 27.Nd4 Nf8 28.Rfd1 a6 29.Nce2 Bd7
30.e5 Rc4 31.Nc6 R4xc6 32.dxc6 Nxc6 33.exd6 exd6 34.Nc3 Be6 35.Ne4 h5 36.Nf6+ Kg7
37.Qb2 Kh6 38.Rxd6 Qe3 39.Qd2 Qxd2 40.Rxd2 Kg7 41.Ne4 Rb8 42.Nd6 Nd8 43.Rc7 a5
44.Nxb7  1-0

[Event "Poznan"]
[Site "Poznan"]
[Date "1986.??.??"]
[Round "6"]
[White "Condie, Mark L"]
[Black "Woda, Jacek"]
[Result "1-0"]
[WhiteElo "2425"]
[BlackElo "2400"]

1.Nf3 g6 2.g3 Bg7 3.d4 Nf6 4.c4 O-O 5.Bg2 d6 6.O-O Nc6 7.Nc3 e5 8.d5 Ne7
9.e4 h6 10.Ne1 Nh7 11.Nd3 a6 12.Bd2 Rb8 13.Qc2 g5 14.Rae1 Ng6 15.Qc1 Bd7
16.Kh1 Qc8 17.Ne2 Bh3 18.Bxh3 Qxh3 19.f3 c6 20.Nc3 Rfc8 21.Qd1 Nf6 22.Qe2 b5
23.cxb5 cxd5 24.bxa6 d4 25.Na4 Qd7 26.b3 Rc2 27.Qd1 Rc6 28.Nb4 Rc7 29.Qe2 d5
30.Rc1 dxe4 31.fxe4 Rxc1 32.Rxc1 Bf8 33.Nc6 Re8 34.Nb6 Qc7 35.Ba5 Qd6 36.a7 d3
37.Qg2 Qa3 38.Rf1 Qc5 39.Nb8 Qxa5 40.a8=Q Qxa8 41.Nxa8 Rxb8 42.Rxf6 Rxa8
43.Qd2 Rd8 44.Rf3 Bb4 45.Rxd3  1-0

[Event "Prague op"]
[Site "Prague"]
[Date "1986.??.??"]
[Round "?"]
[White "Mojzis, Jaroslav"]
[Black "Hausner, Ivan"]
[Result "1/2-1/2"]
[WhiteElo "2275"]
[BlackElo "2400"]

1.Nf3 Nf6 2.g3 g6 3.Bg2 Bg7 4.d4 d6 5.c4 O-O 6.Nc3 Nbd7 7.e4 e5 8.h3 c6 9.Be3 exd4
10.Nxd4 Re8 11.O-O Nc5 12.Qc2 a5 13.Rad1 Nfd7 14.f4 a4 15.Bf2 Qa5 16.Rfe1 Qb4
17.Nb1 Nb6 18.Na3 Nbd7 19.Nb1 Nf6 20.a3 Qa5 21.Nc3 Nfd7 22.Nf3 Nb6 23.Nb1 Be6
24.Nbd2 Rad8 25.Nd4 Bc8 26.Kh2 Nbd7 27.Nb1 Nf8 28.Nd2 Nfe6 29.N2f3 Nf8 30.Nd2 h5
31.N2f3 Nh7 32.Kg1 Nf6 33.Nd2 Bh6 34.N4f3 Bg7 35.Nd4 Bh6 36.N4f3 Bg7  1/2-1/2

[Event "CSR-ch"]
[Site "Prague"]
[Date "1986.??.??"]
[Round "10"]
[White "Smejkal, Jan"]
[Black "Vokac, Marek"]
[Result "1-0"]
[WhiteElo "2550"]
[BlackElo "2390"]

1.Nf3 Nf6 2.c4 g6 3.d4 Bg7 4.g3 O-O 5.Bg2 d6 6.Nc3 c6 7.O-O Qa5 8.e4 e5 9.h3 Nbd7
10.Re1 Re8 11.d5 cxd5 12.cxd5 b5 13.a3 a6 14.Be3 Qc7 15.Nd2 Nb6 16.a4 Nxa4
17.Nxa4 bxa4 18.Qxa4 Bd7 19.Qa3 Rec8 20.Bf1 Bf8 21.Nc4 Rcb8 22.Bg5 Kg7 23.Rac1 Qd8
24.Na5 h6 25.Nc6 Bxc6 26.dxc6 Qc7 27.Bxf6+ Kxf6 28.Bc4 Kg7 29.Bd5 Be7 30.Rc3 Bd8
31.Rf3 f6 32.Rd1 a5 33.g4 Rb4 34.Rg3 Rab8 35.Rd2 Qe7 36.h4 Bb6 37.h5 a4 38.Rc2 Bc5
39.Qa2 Rd4 40.Kg2 Qc7 41.hxg6 Kxg6 42.Qa1 Rh8 43.Qh1 Kg7 44.Qh5 Qe7 45.Qf5 Rb4
46.Rf3 Rf8 47.g5 Rbb8 48.gxh6+ Kh8 49.Rg3 Qh7 50.Rg6  1-0

[Event "Quebec int"]
[Site "Quebec"]
[Date "1986.??.??"]
[Round "6"]
[White "Pelts, Roman"]
[Black "Georgiev, Kiril"]
[Result "0-1"]
[WhiteElo "2440"]
[BlackElo "2545"]

1.Nf3 Nf6 2.c4 g6 3.g3 Bg7 4.d4 O-O 5.Bg2 d6 6.O-O Nbd7 7.Qc2 e5 8.Rd1 Re8
9.Nc3 c6 10.e4 Qe7 11.b3 exd4 12.Nxd4 Nc5 13.f3 a5 14.Rb1 Nfd7 15.Bb2 Nb6
16.Nce2 Bd7 17.Re1 d5 18.cxd5 cxd5 19.Ba3 Rac8 20.Rec1 Bf8 21.Bxc5 Qxc5 22.Qd2 Qa3
23.Rxc8 Rxc8 24.e5 Bb4 25.Qb2 Kf8 26.h3 Qxb2 27.Rxb2 Ke7 28.f4 h5 29.Kh2 Rc7
30.Bf3 f6 31.exf6+ Kxf6 32.g4 hxg4 33.hxg4 g5 34.f5 Ke5 35.Kg2 Nc8 36.Rb1 Nd6
37.Rh1 Bc5 38.Rc1 Ne4 39.a4 Bb6 40.Rxc7 Bxc7 41.Nb5 Bb6 42.Bxe4 Kxe4 43.Nec3+ Ke5
44.Kg3 d4 45.Nb1 d3 46.N5a3 Kd4 47.Nc4 Bc7+ 48.Kf2 Bxa4 49.bxa4 Kxc4 50.Ke1 Bf4
51.f6 Bd6 52.f7 Bb4+ 53.Kd1 Kb3 54.Nd2+ Kxa4 55.Nf3 Kb3 56.Nxg5 a4 57.Ne4 a3
58.Nd2+ Kb2 59.Nc4+ Kc3  0-1

[Event "BCF-ch"]
[Site "Southampton"]
[Date "1986.??.??"]
[Round "7"]
[White "Botterill, George Steven"]
[Black "Watts, David"]
[Result "1-0"]
[WhiteElo "2395"]
[BlackElo "2210"]

1.d4 Nf6 2.c4 g6 3.Nf3 Bg7 4.g3 O-O 5.Bg2 d6 6.O-O a6 7.Nc3 Nc6 8.d5 Na5
9.Nd2 c5 10.Qc2 Rb8 11.b3 b5 12.Bb2 Bh6 13.Nce4 Nxe4 14.Bxe4 bxc4 15.e3 Qb6
16.Rfb1 cxb3 17.axb3 Nb7 18.Nc4 Qa7 19.Qc3 f6 20.h4 Bg7 21.Qc2 f5 22.Bxg7 Kxg7
23.Bg2 Bd7 24.e4 f4 25.Qc3+ Kg8 26.Re1 e5 27.dxe6 Bxe6 28.Red1 Rbd8 29.Rd2 Rf7
30.Rad1 Qb8 31.e5 fxg3 32.fxg3 Rfd7 33.exd6 Nxd6 34.Ne5 Rc7 35.Nc6 Rxc6 36.Bxc6 c4
37.Qe5 Qb6+ 38.Kh2 Qxc6 39.Qxe6+ Kg7 40.Rxd6 Rxd6 41.Rxd6 Qf3 42.Qe7+ Kh6
43.Qg5+  1-0

[Event "Szirak"]
[Site "Szirak"]
[Date "1986.??.??"]
[Round "?"]
[White "Csom, Istvan"]
[Black "Hazai, Laszlo"]
[Result "1-0"]
[WhiteElo "2505"]
[BlackElo "2480"]

1.d4 Nf6 2.c4 g6 3.Nf3 Bg7 4.g3 O-O 5.Bg2 d6 6.Nc3 Nc6 7.O-O a6 8.b3 Rb8
9.Nd5 Bg4 10.Bb2 Qd7 11.Ne3 Bh3 12.d5 Nd8 13.Qc2 Bxg2 14.Kxg2 e5 15.dxe6 fxe6
16.c5 d5 17.Ne5 Qe7 18.c6 Nxc6 19.Nxc6 bxc6 20.Rac1 Rf7 21.Qxc6 Rb6 22.Qa8+ Qe8
23.Qxe8+ Nxe8 24.Bxg7 Kxg7 25.Ng4 c6 26.Rc2 Rc7 27.Rfc1 Nd6 28.Ne5 Nb5 29.Nxc6 Kf6
30.f4 g5 31.e3 gxf4 32.gxf4 Na3 33.Rc5 Nc4 34.bxc4 Rbxc6 35.Rxc6 Rxc6 36.c5 e5
37.Kf3 Kf5 38.Rc2 Ke6 39.Kg4 d4 40.e4 exf4 41.Kxf4 d3 42.Rc3 d2 43.Rd3 Rxc5
44.Rxd2 Ra5 45.Rb2 Kf6 46.h4 Kg6 47.h5+ Kf6 48.Rb6+ Kf7 49.Rb7+ Kf6 50.Rb6+ Kf7
51.a4 Rxa4 52.Kf5 Ra1 53.Rb7+ Kg8 54.e5 a5 55.Kf6 Rf1+ 56.Ke6 Rh1 57.Kf6 Rf1+
58.Ke6 Rh1 59.Ke7 Rxh5 60.e6 Rh1 61.Kd8 Rd1+ 62.Rd7 Rb1 63.Rc7 Rd1+ 64.Rd7 Rb1
65.Rd2 Re1 66.e7 Kf7 67.Rd7  1-0

[Event "Tallinn (Women)"]
[Site "Tallinn"]
[Date "1986.??.??"]
[Round "8"]
[White "Piarnpuu, Leili"]
[Black "Zainetdinova, Svetlana"]
[Result "1-0"]
[WhiteElo "2120"]
[BlackElo "2055"]

1.Nf3 Nf6 2.c4 g6 3.d4 Bg7 4.g3 d6 5.Bg2 O-O 6.Nc3 Nc6 7.O-O a6 8.d5 Na5
9.Nd2 c5 10.Qc2 e5 11.a3 b6 12.b4 Nb7 13.Rb1 Bd7 14.a4 Qc7 15.bxc5 Nxc5 16.Ba3 Nh5
17.Bxc5 bxc5 18.Rb3 Rab8 19.Rfb1 f5 20.e4 Bh6 21.Nf1 Nf6 22.Qb2 Rxb3 23.Qxb3 Qa5
24.Bh3 f4 25.Be6+ Bxe6 26.dxe6 Re8 27.Nd5 Rxe6 28.Qb8+ Bf8 29.Qc8 Kf7 30.Rb7+ Re7
31.Nxe7 Bxe7 32.Qc6 Ke6 33.Ra7 Qe1 34.Qc8+ Kf7 35.Qb7 Ng8 36.Qd5+ Kg7 37.Rxa6 Nf6
38.Qe6 Ng8 39.Ra8  1-0

[Event "Tbilisi"]
[Site "Tbilisi"]
[Date "1986.??.??"]
[Round "?"]
[White "Cvitan, Ognjen"]
[Black "Romanishin, Oleg M"]
[Result "1/2-1/2"]
[WhiteElo "2495"]
[BlackElo "2560"]

1.d4 Nf6 2.c4 g6 3.Nf3 Bg7 4.g3 O-O 5.Bg2 d6 6.O-O c6 7.Nc3 Bf5 8.Ne1 Na6
9.e4 Bg4 10.f3 Be6 11.Qe2 Qa5 12.Be3 Rfc8 13.Rf2 c5 14.d5 Bd7 15.a3 Ne8 16.Qd2 Rab8
17.Bf1 Nac7 18.Nc2 Bxc3 19.bxc3 b5 20.Qe1 Na8 21.Bd2 Qa4 22.Ne3 Nb6 23.cxb5 Bxb5
24.h4 Nf6 25.Bxb5 Qxb5 26.Qf1 Qxf1+ 27.Rfxf1 Nfd7 28.Rfb1 Ne5 29.Kf2 Nbc4
30.Nxc4 Nxc4 31.Ke2 f6 32.Bf4 Na5 33.Kd1 Nb3 34.Ra2 c4 35.Be3 Rc7 36.a4 a5
37.g4 Kf7 38.g5 Rcb7 39.f4 e6 40.dxe6+ Kxe6 41.gxf6 Kxf6 42.Ke2 Re8 43.Kf3 Rbe7
44.Rd1 Rxe4 45.Rxd6+ Kf7 46.Rd7+ Kg8 47.Re2 R4e7 48.Rxe7  1/2-1/2

[Event "Tbilisi"]
[Site "Tbilisi"]
[Date "1986.??.??"]
[Round "?"]
[White "Cvitan, Ognjen"]
[Black "McDonald, Neil R"]
[Result "1/2-1/2"]
[WhiteElo "2495"]
[BlackElo "2495"]

1.d4 Nf6 2.c4 g6 3.Nf3 Bg7 4.g3 O-O 5.Bg2 d6 6.O-O Nbd7 7.Nc3 e5 8.e4 c6
9.h3 a6 10.d5 cxd5 11.cxd5 b5 12.a3 Nh5 13.Bd2 h6 14.Re1 Qe8 15.Rc1 Nc5 16.Be3 Nd7
17.Qd2 Kh7 18.Nh4 Nc5 19.Qc2 Qd8 20.Ne2 Nf4 21.Nxf4 exf4 22.Bxf4 Bxb2 23.Bxh6 Bxc1
24.Bxc1 Qa5 25.Re3 Bd7 26.e5 Rac8 27.Qb1 Nd3 28.Qxd3 Rxc1+ 29.Kh2 dxe5 30.Rxe5 Qc3
31.Qe4 Qc2 32.Re7 Qxe4 33.Bxe4 Bf5 34.Nxf5 gxf5 35.Bxf5+ Kg7 36.Ra7 Rc3 37.Rxa6 Rf3
38.g4 Rxf2+ 39.Kg3 Ra2 40.d6 b4 41.a4 b3 42.Rb6 b2 43.h4 Ra3+ 44.Kf2 Rd8
45.d7 Rxa4 46.Rxb2 Rf4+ 47.Ke3 Rxf5 48.gxf5 Rxd7 49.Rb6 Rd1  1/2-1/2

[Event "Tbilisi"]
[Site "Tbilisi"]
[Date "1986.??.??"]
[Round "?"]
[White "Romanishin, Oleg M"]
[Black "Kantsler, B."]
[Result "1/2-1/2"]
[WhiteElo "2560"]
[BlackElo "2405"]

1.d4 Nf6 2.Nf3 g6 3.g3 Bg7 4.c4 d6 5.Bg2 O-O 6.O-O Nc6 7.Nc3 a6 8.b3 Rb8
9.Nd5 Nxd5 10.cxd5 Nb4 11.e4 f5 12.Ng5 fxe4 13.Bxe4 c6 14.Nxh7 Kxh7 15.Qh5+ Kg8
16.Bxg6 Rf6 17.Qh7+ Kf8 18.Bh6 Rxg6 19.Qxg6 Bxh6 20.Qxh6+ Ke8 21.dxc6 bxc6
22.Rac1 Kd7 23.Rc4 Nd5 24.Re1  1/2-1/2

[Event "USA-chJ"]
[Site "?"]
[Date "1986.??.??"]
[Round "?"]
[White "Litvinchuk, John"]
[Black "Rao, Vivek"]
[Result "1/2-1/2"]
[WhiteElo "2285"]
[BlackElo "2405"]

1.d4 Nf6 2.Nf3 g6 3.c4 Bg7 4.g3 O-O 5.Bg2 d6 6.O-O Nbd7 7.Nc3 e5 8.e4 c6
9.h3 Qb6 10.Re1 a5 11.b3 exd4 12.Nxd4 Nc5 13.Be3 a4 14.Rb1 Qb4 15.Bd2 axb3
16.axb3 Qb6 17.Be3 Qb4 18.Bd2  1/2-1/2

[Event "Vienna op"]
[Site "Vienna"]
[Date "1986.??.??"]
[Round "?"]
[White "Ornstein, Axel"]
[Black "Kindermann, Stefan"]
[Result "1/2-1/2"]
[WhiteElo "2455"]
[BlackElo "2495"]

1.d4 Nf6 2.Nf3 g6 3.g3 Bg7 4.Bg2 O-O 5.c4 d6 6.Nc3 Nc6 7.O-O a6 8.d5 Na5
9.Nd2 c5 10.Qc2 Rb8 11.b3 b5 12.Rb1 e6 13.Bb2 Re8 14.Rfe1 h5 15.dxe6 Bxe6
16.cxb5 axb5 17.Nce4 Bf5 18.Bxf6 Bxf6 19.b4 cxb4 20.Nxf6+ Qxf6  1/2-1/2

[Event "Aarhus-B"]
[Site "Aarhus"]
[Date "1987.??.??"]
[Round "2"]
[White "Jelling, Erik"]
[Black "Jacobsen, Bo"]
[Result "1/2-1/2"]
[WhiteElo "2200"]
[BlackElo "2285"]

1.d4 g6 2.Nf3 Bg7 3.c4 d6 4.g3 Nf6 5.Bg2 O-O 6.O-O a6 7.Nc3 c6 8.e4 Nfd7
9.Bf4 e5 10.Bg5 Qb6 11.dxe5 dxe5 12.Qc2 Qc7 13.Be3 b6 14.Na4 b5 15.Nc5 Nb6
16.Nd2 N8d7 17.b3 Rd8 18.a4 Nxc5 19.Bxc5 Bg4 20.Be3 Qb7 21.Rfc1 Rac8 22.c5 Nd7
23.axb5 axb5 24.Ra5 Ra8 25.Rca1 Rxa5 26.Rxa5 Ra8 27.Qa2 Rxa5 28.Qxa5 Nf8
29.h3  1/2-1/2

[Event "ISL-ch"]
[Site "Akureyri"]
[Date "1987.??.??"]
[Round "4"]
[White "Thorhallsson, Throstur"]
[Black "Kristjansson, Olafur"]
[Result "1/2-1/2"]
[WhiteElo "2335"]
[BlackElo "2230"]

1.d4 Nf6 2.c4 g6 3.g3 Bg7 4.Bg2 O-O 5.Nf3 d6 6.O-O c6 7.Nc3 Nbd7 8.e4 e5
9.h3 Qb6 10.d5 cxd5 11.cxd5 Nc5 12.Nd2 Bd7 13.Qe2 Rac8 14.Nc4 Qc7 15.Ne3 a6
16.Bd2 Qb8 17.b3 b5 18.b4 Na4 19.Nxa4 bxa4 20.Rfc1 Bb5 21.Qe1 Bd3 22.Nd1 Nd7
23.Nb2 Bb5 24.Bf1 Nb6 25.Be3 f5 26.Bxb6 Qxb6 27.Rxc8 Rxc8 28.Rc1 Rxc1 29.Qxc1 Bxf1
30.Qc8+ Bf8 31.Kxf1 fxe4 32.Qe6+ Kg7 33.Qd7+ Kg8 34.Nc4 Qxb4 35.Qe6+ Kg7
36.Ne3 Qb5+ 37.Kg1 Qb7 38.h4 h5 39.Qe8 a3 40.Qa4 Qb1+ 41.Kg2 Qxa2 42.Qd7+ Kg8
43.Qe8 Kg7 44.Qd7+ Kg8  1/2-1/2

[Event "OHRA-B"]
[Site "Amsterdam"]
[Date "1987.??.??"]
[Round "9"]
[White "Heinbuch, Detlef"]
[Black "Dam, Ruurd"]
[Result "1/2-1/2"]
[WhiteElo "2380"]
[BlackElo "2560"]

1.d4 Nf6 2.Nf3 g6 3.c4 Bg7 4.g3 O-O 5.Bg2 d6 6.Nc3 a6 7.O-O Nc6 8.Bd2 e5
9.d5 Ne7 10.e4 Nd7 11.Ne1 f5 12.Nd3 Nf6 13.f3 h5 14.Nf2 c6 15.Qb3 cxd5 16.cxd5 h4
17.gxh4 f4 18.Nh3 Nh7 19.Ng5 Bf6 20.Ne6 Bxe6 21.dxe6 Bxh4 22.Bh3 b5 23.Rac1 Nf6
24.a4 Qb6+ 25.Kg2 b4 26.Nd1 a5 27.Nf2 Rfc8 28.Nd3 Qd4 29.Rcd1 Qc4 30.Qxc4 Rxc4
31.Rc1 Rac8 32.Rxc4 Rxc4 33.Rc1 Rd4 34.Be1 Bxe1 35.Nxe1 Rd2+ 36.Kg1 Rxb2
37.Rc7 Kf8 38.Ra7 b3 39.Ra8+ Ne8 40.Bf1 Rb1 41.Bb5 Rxe1+ 42.Kf2 b2 43.Rxe8+ Kg7
44.Bd3 Rd1 45.Rxe7+ Kf6 46.Rb7 Rxd3 47.e7 Kf7 48.Rxb2 Ra3 49.Rb6 Kxe7 50.Rb7+ Kf6
51.Rd7 Ra2+ 52.Kg1 Rxa4 53.Rxd6+ Kf7 54.Kg2 Ra2+ 55.Kh3 a4 56.Ra6 a3 57.Kg4 Rxh2
58.Rxa3 Rg2+ 59.Kh4 Rg3 60.Ra7+ Ke6 61.Re7+ Kd6 62.Re6+ Kxe6  1/2-1/2

[Event "FRG-ch"]
[Site "Bad Neuenahr"]
[Date "1987.??.??"]
[Round "?"]
[White "Schulz, Klaus Juergen"]
[Black "Maier, Christian"]
[Result "1-0"]
[WhiteElo "2440"]
[BlackElo "2345"]

1.d4 Nf6 2.c4 d6 3.Nf3 g6 4.g3 Bg7 5.Bg2 O-O 6.O-O c6 7.Nc3 a6 8.e4 Nfd7
9.Re1 b5 10.cxb5 axb5 11.Bg5 h6 12.Be3 b4 13.Na4 Qa5 14.b3 Nb6 15.Nxb6 Qxb6
16.Qd2 Kh7 17.Rac1 Ra3 18.Rc2 Na6 19.Rec1 Qa5 20.Rxc6 Bb7 21.R6c2 Bxe4 22.Ng5+ hxg5
23.Bxe4 g4 24.Qe2 Kg8 25.Bb7 Nb8 26.Qxg4 Rxa2 27.Rc8 e6 28.d5 Qb5 29.Rxf8+ Bxf8
30.Bc6 Nxc6 31.dxc6 Ra8 32.Qh4 Rc8 33.c7 Qd7 34.Bb6 Qb5 35.Qd8 Qa6 36.Be3 Kg7
37.Bg5 d5 38.Bf6+ Kg8 39.h4 Kh7 40.Rc2 Qa8 41.Qd7 Kg8 42.Rc6 Bg7 43.Bxg7 Kxg7
44.Rxe6  1-0

[Event "Wch U20"]
[Site "Baguio"]
[Date "1987.??.??"]
[Round "?"]
[White "Wessman, Richard"]
[Black "Sorin, Ariel"]
[Result "0-1"]
[WhiteElo "2285"]
[BlackElo "2345"]

1.d4 Nf6 2.c4 g6 3.g3 Bg7 4.Bg2 d6 5.Nf3 O-O 6.O-O c6 7.Nc3 Bf5 8.Nh4 Be6
9.d5 cxd5 10.cxd5 Bd7 11.h3 a5 12.e4 b5 13.Be3 a4 14.a3 Qa5 15.Bd4 b4 16.axb4 Qxb4
17.e5 dxe5 18.Bxe5 Ra5 19.Re1 Na6 20.d6 e6 21.Na2 Qb8 22.Bc3 Rc5 23.Nc1 Rcc8
24.Be5 Nb4 25.Re2 Nfd5 26.Bxg7 Kxg7 27.Nd3 Nxd3 28.Bxd5 exd5 29.Qxd3 Qxd6
30.Kh2 Rfe8 31.Rd2 Qc6 32.g4 Qf6 33.Nf3 Re4 34.Nd4 Rc4 35.Ne2 Qxf2+ 36.Kh1 Re3
37.Ng1 Qf4 38.Qf1 Rxh3+ 39.Qxh3 Qxd2  0-1

[Event "Wch U20"]
[Site "Baguio"]
[Date "1987.??.??"]
[Round "?"]
[White "Ninov, Kiril"]
[Black "Sorin, Ariel"]
[Result "1/2-1/2"]
[WhiteElo "2425"]
[BlackElo "2345"]

1.Nf3 Nf6 2.g3 g6 3.Bg2 Bg7 4.c4 d6 5.d4 O-O 6.O-O c5 7.Nc3 Nc6 8.dxc5 dxc5
9.Be3 Be6 10.Qa4 Nd4 11.Rad1 Ng4 12.Bxd4 cxd4 13.Nd5 Bd7 14.Qb4 e6 15.Nf4 Qb6
16.Qd2 Rfd8 17.Nd3 e5 18.h3 Bh6 19.Ng5 Ne3 20.Nxf7 Kxf7 21.fxe3+ Kg7 22.Qb4 Bxe3+
23.Kh2 Qxb4 24.Nxb4 Rac8 25.Nd3 Bf5 26.b3 Bxd3 27.exd3 b6 28.b4 Rf8 29.Rxf8 Rxf8
30.Rf1 Rxf1 31.Bxf1 Bd2 32.b5 e4 33.dxe4 Kf6 34.Kg2 Ke5 35.Kf3 Bb4 36.Bd3 Be7
37.h4 Bd6 38.a4 Be7 39.Kg4 h6 40.h5 g5 41.Kf3 Bb4 42.Ke2  1/2-1/2

[Event "Wch U20"]
[Site "Baguio"]
[Date "1987.??.??"]
[Round "?"]
[White "Reilly, Tim"]
[Black "Sorin, Ariel"]
[Result "0-1"]
[WhiteElo "2235"]
[BlackElo "2345"]

1.d4 Nf6 2.c4 g6 3.g3 Bg7 4.Bg2 O-O 5.Nf3 d6 6.O-O c5 7.d5 Na6 8.Nc3 Nc7
9.e4 Bg4 10.h3 Bxf3 11.Qxf3 a6 12.Qe2 Nd7 13.a4 b5 14.cxb5 axb5 15.Nxb5 Nxb5
16.Qxb5 Qc7 17.Qe2 Rfb8 18.Ra2 Rb4 19.Bd2 Rbxa4 20.Rxa4 Rxa4 21.Qb5 Ra2 22.Rb1 Qa7
23.Kh2 Bd4 24.Be1 Nf6 25.Bf3 Ra1 26.Rxa1 Qxa1 27.Qa5 Qxa5 28.Bxa5 Bxb2 29.Kg2 Bd4
30.Bb6 Kf8 31.g4 g5 32.Ba5 Ke8 33.Bd2 h6 34.h4 gxh4 35.Bxh6 c4 36.Bc1 c3
37.g5 Nd7 38.Bd1 Nc5 39.Bc2 Na6 40.Ba3 Bc5 41.Bc1 Nb4 42.Ba4+ Kf8 43.Bb5 Na2
44.Bf4 c2 45.Bc4 c1=Q 46.Bxc1 Nxc1 47.f4 Be3 48.Kf3 h3 49.Bf1 h2 50.Bg2 Bg1
51.Kg4 Nd3  0-1

[Event "Banja Luka"]
[Site "Banja Luka"]
[Date "1987.??.??"]
[Round "4"]
[White "Skembris, Spyridon"]
[Black "Gavric, Miladin"]
[Result "1/2-1/2"]
[WhiteElo "2400"]
[BlackElo "2320"]

1.d4 Nf6 2.Nf3 g6 3.c4 Bg7 4.g3 O-O 5.Bg2 d6 6.O-O Nc6 7.d5 Na5 8.Nbd2 c5
9.e4 e6 10.Rb1 exd5 11.cxd5 Re8 12.b4 cxb4 13.Rxb4 Bg4 14.h3 Bxf3 15.Qxf3 Rc8
16.Qa3 Re7 17.Nb3 Nxb3 18.axb3 a5 19.Ra4 b6 20.Bf4 Ne8 21.b4 Bc3 22.bxa5 bxa5
23.Rd1 Rec7 24.Bd2 Bxd2 25.Rxd2 Rc3 26.Qa2  1/2-1/2

[Event "Beersheba"]
[Site "Beersheba"]
[Date "1987.??.??"]
[Round "?"]
[White "Birnboim, Nathan"]
[Black "Watson, William N"]
[Result "1-0"]
[WhiteElo "2465"]
[BlackElo "2500"]

1.d4 Nf6 2.c4 g6 3.g3 Bg7 4.Bg2 O-O 5.Nf3 d6 6.O-O Nc6 7.Nc3 e5 8.d5 Ne7
9.e4 Ne8 10.Ng5 h6 11.Nh3 c6 12.Be3 cxd5 13.cxd5 Kh7 14.f4 exf4 15.Nxf4 Nf6
16.h3 g5 17.Nd3 Ng6 18.Rc1 Kg8 19.Nb5 Bd7 20.Nxd6 Bxh3 21.Nf5 Bxg2 22.Kxg2 Nxe4
23.Qf3 Qxd5 24.Nc5 Nf6 25.Nxg7 Ng4 26.Bg1 Qd2+ 27.Kh1 N6e5 28.Qe4 Kxg7 29.Bd4 Rfe8
30.Rcd1 Qa5 31.Nxb7 Qc7 32.Bc3 Kg8 33.Nd6 Re6 34.Qxa8+ Kh7 35.Qb7 Qd8 36.Nxf7  1-0

[Event "Noviki-A"]
[Site "Budapest"]
[Date "1987.??.??"]
[Round "?"]
[White "Szilagyi, Peter"]
[Black "Kindermann, Stefan"]
[Result "0-1"]
[WhiteElo "2405"]
[BlackElo "2490"]

1.d4 Nf6 2.c4 g6 3.g3 Bg7 4.Bg2 O-O 5.Nf3 d6 6.O-O Nc6 7.Nc3 Bf5 8.b3 e5
9.d5 Ne7 10.Ne1 Qd7 11.e4 Bh3 12.Nd3 Ne8 13.Bb2 Bxg2 14.Kxg2 g5 15.Qd2 h6
16.f4 exf4 17.gxf4 Ng6 18.Rae1 Nf6 19.e5 Qg4+ 20.Kh1 Nh5 21.fxg5 hxg5 22.Ne4 dxe5
23.Qxg5 Qxg5 24.Nxg5 Nhf4 25.Nxf4 Nxf4 26.Re3 f6 27.Nh3 Bh6 28.Rg3+ Kf7 29.Bc1 Ne2
30.Bxh6 Nxg3+ 31.hxg3 Rh8 32.Bg5 Rxh3+ 33.Kg2 Rah8 34.Rxf6+ Kg7 35.Re6 Rh2+
36.Kf3 Rf8+ 37.Kg4 Rf7 38.c5 Rxa2 39.d6 cxd6 40.cxd6 Ra5 41.Bd2 Rc5 42.Bh6+ Kh7
43.Bg5 Rg7 44.Kh4 Rc2 45.Rxe5 Rh2+ 46.Kg4 Rd2 47.Re6 Rd5  0-1

[Event "Budel zt"]
[Site "Budel"]
[Date "1987.??.??"]
[Round "?"]
[White "Miralles, Gilles"]
[Black "Todorcevic, Miodrag"]
[Result "0-1"]
[WhiteElo "2450"]
[BlackElo "2440"]

1.d4 g6 2.Nf3 Bg7 3.g3 d6 4.Bg2 Nf6 5.c4 O-O 6.Nc3 Nbd7 7.O-O e5 8.Qc2 Re8
9.Rd1 c6 10.e4 Qe7 11.b3 exd4 12.Nxd4 Nc5 13.f3 a5 14.Be3 Nfd7 15.Bf2 h5
16.Nce2 Nf8 17.Rab1 Ncd7 18.Qd2 a4 19.Nc3 axb3 20.axb3 Nh7 21.Nde2 Bf8 22.f4 h4
23.g4 h3 24.Bf3 g5 25.e5 dxe5 26.f5 e4 27.Bxe4 Ne5 28.Bd4 Bg7 29.Qe3 Nxg4
30.Qxh3 Bxd4+ 31.Rxd4 Ngf6 32.Bc2 Ra5 33.Rf1 Re5 34.Rf2 Re3 35.Qf1 Qc5 36.Qd1 g4
37.Rd8 Ng5 38.Rxe8+ Rxe8 39.Kf1 Nf3 40.Qc1 Qe5 41.h3 Bxf5 42.Bxf5 Qxf5 43.Nd4 Qd3+
44.Nce2 Ne4 45.Rg2 Ned2+  0-1

[Event "Budel zt"]
[Site "Budel"]
[Date "1987.??.??"]
[Round "?"]
[White "Miralles, Gilles"]
[Black "Scheeren, Peter"]
[Result "0-1"]
[WhiteElo "2450"]
[BlackElo "2445"]

1.d4 Nf6 2.c4 g6 3.Nf3 Bg7 4.g3 O-O 5.Bg2 d6 6.Nc3 Nbd7 7.O-O e5 8.h3 c6
9.e4 Qb6 10.Re1 Re8 11.Re2 exd4 12.Nxd4 Ng4 13.Nb3 Nge5 14.Be3 Qb4 15.Rc1 Nxc4
16.Bd4 Bxd4 17.Qxd4 a5 18.Rd1 Ndb6 19.Nc1 a4 20.b3 axb3 21.axb3 c5 22.Qf6 Nd7
23.Qf4 Qxc3 24.bxc4 Ne5 25.Red2 Nxc4 26.Ne2 Qe5 27.Rc2 Be6 28.Qc1 b5 29.f4 Qh5
30.f5 gxf5 31.exf5 Qxf5 32.Bxa8 Rxa8 33.Rf1 Qxh3 34.Qg5+ Kf8 35.Nf4 Qf5 36.Qh6+ Ke8
37.Re2 Ne5 38.Qg7 Ra3 39.Nd5 Rf3 40.Qh8+ Kd7 41.Nf6+ Kc7 42.Ra1 Rxg3+ 43.Rg2 Nf3+
44.Kf2 Nh4+ 45.Kxg3 Qh3+ 46.Kf2 Qf3+ 47.Ke1 Nxg2+ 48.Kd2 Qe3+ 49.Kc2 Qb3+
50.Kc1 Qc3+ 51.Kb1 Bf5+  0-1

[Event "HUN-ch op"]
[Site "Eger"]
[Date "1987.??.??"]
[Round "?"]
[White "Butnorius, Algimantas"]
[Black "Pirisi, Gabor"]
[Result "1-0"]
[WhiteElo "2410"]
[BlackElo "2345"]

1.d4 Nf6 2.Nf3 g6 3.c4 Bg7 4.g3 O-O 5.Bg2 d6 6.O-O c5 7.Nc3 Nc6 8.d5 Na5
9.Nd2 e5 10.a3 b6 11.b4 Nb7 12.Rb1 Ne8 13.e4 f5 14.exf5 gxf5 15.Bb2 Nf6 16.Qe2 Bd7
17.Ba1 Rb8 18.Nb5 Ra8 19.bxc5 bxc5 20.Nf3 Ne8 21.Nh4 Qe7 22.Nc7 Nxc7 23.Rxb7 Bc8
24.Rb3 Ne8 25.Bh3 f4 26.Bxc8 Rxc8 27.Qg4 Rc7 28.Rb8 fxg3 29.hxg3 Nf6 30.Rxf8+ Kxf8
31.Qf5 Qd7 32.Rb1 Qxf5 33.Nxf5 Ne8 34.Rb8 Kf7 35.Bc3 Bf8 36.a4 Nf6 37.f3 Kg6
38.Nh4+ Kf7 39.Ba5 Rd7 40.Kf2 Ng8 41.Nf5 Ne7 42.Nxe7 Bxe7 43.Ke3 Bf6 44.Be1 Kg6
45.Ke4 h5 46.a5 Rh7 47.Rg8+ Kf7 48.Rc8 Kg6 49.Rc6 Rd7 50.a6 Bd8 51.Rc8 Bc7
52.Rg8+ Kf6 53.Rh8 Kg6 54.Rg8+ Kf6 55.Bd2 Rh7 56.Bg5+ Kf7 57.Rc8 Kg6 58.Bd8 h4
59.Bxh4 Rd7 60.Re8  1-0

[Event "BUL-ch"]
[Site "Elenite"]
[Date "1987.??.??"]
[Round "7"]
[White "Janakiev, Ivan"]
[Black "Radulov, Ivan"]
[Result "0-1"]
[WhiteElo "2245"]
[BlackElo "2430"]

1.d4 d6 2.Nf3 g6 3.g3 Bg7 4.Bg2 Nf6 5.c4 O-O 6.Nc3 c6 7.O-O a6 8.a4 a5 9.e4 Na6
10.h3 Nd7 11.Be3 e5 12.Qd2 exd4 13.Nxd4 Re8 14.b3 Ndc5 15.Rab1 Qe7 16.Rfd1 Bd7
17.Bg5 f6 18.Bf4 Rad8 19.Nde2 Bc8 20.Bxd6 Qe6 21.Nf4 Qf7 22.Qe3 Nxe4 23.Nxe4 f5
24.Ng5 Qf6 25.Be7 Rxd1+ 26.Rxd1 Rxe7 27.Rd8+ Bf8 28.Qd2 h6 29.Nf3 Be6 30.Qd6 Kg7
31.Ne5 Re8 32.Nxe6+ Rxe6 33.Qd7+ Re7 34.Qc8 Rxe5 35.Rxf8 Qxf8 36.Qxb7+ Qe7
37.Qxa6 Re1+ 38.Kh2 Qc5 39.Qxc6 Qxc6 40.Bxc6 Rb1 41.Bb5 Rxb3 42.c5 Rc3 43.c6 Kf6  0-1

[Event "BUL-ch"]
[Site "Elenite"]
[Date "1987.??.??"]
[Round "8"]
[White "Kolev, Atanas"]
[Black "Karayannis, Athanasios"]
[Result "1-0"]
[WhiteElo "2380"]
[BlackElo "2225"]

1.Nf3 g6 2.d4 Nf6 3.c4 Bg7 4.g3 O-O 5.Bg2 d6 6.O-O c6 7.h3 a6 8.Nbd2 b5 9.b3 Nfd7
10.Bb2 Bb7 11.Qc2 a5 12.a3 Na6 13.Rfe1 Qb6 14.Rab1 Rac8 15.h4 e5 16.dxe5 Nxe5
17.Ne4 Rcd8 18.Red1 c5 19.cxb5 Bxe4 20.Qxe4 Nxf3+ 21.Bxf3 Qxb5 22.h5 Bxb2
23.Rxb2 Nc7 24.Kg2 Qe8 25.Qc4 Qe5 26.Rbd2 Kg7 27.Qa4 Ne6 28.Rd5 Qc3 29.e3 Rb8
30.R1d3 Qc2 31.Rxd6 Nd4 32.R3xd4 cxd4 33.Qxd4+ Kg8 34.h6  1-0